Trends and Challenges in International Law (Record no. 3187)
[ view plain ]
| 000 -LEADER | |
|---|---|
| fixed length control field | 04309nam a22004575i 4500 |
| 007 - PHYSICAL DESCRIPTION FIXED FIELD--GENERAL INFORMATION | |
| fixed length control field | cr nn 008mamaa |
| 008 - FIXED-LENGTH DATA ELEMENTS--GENERAL INFORMATION | |
| fixed length control field | 220422s2022 sz | s |||| 0|eng d |
| 020 ## - INTERNATIONAL STANDARD BOOK NUMBER | |
| International Standard Book Number | 9783030943875 |
| -- | 978-3-030-94387-5 |
| 040 ## - CATALOGING SOURCE | |
| Original cataloging agency | IMU Kochi Library |
| Language of cataloging | eng |
| 041 0# - LANGUAGE CODE | |
| Language code of text/sound track or separate title | eng |
| 082 04 - DEWEY DECIMAL CLASSIFICATION NUMBER | |
| Classification number | 341.4 |
| Edition number | 23 |
| 245 10 - TITLE STATEMENT | |
| Title | Trends and Challenges in International Law |
| Medium | [electronic resource] : |
| Sub Title | Selected Issues in Human Rights, Cultural Heritage, Environment and Sea / |
| 250 ## - EDITION STATEMENT | |
| Edition statement | 1st ed. 2022. |
| 300 ## - PHYSICAL DESCRIPTION | |
| Extent | VII, 332 p. 10 illus. |
| Other physical details | online resource. |
| 505 0# - FORMATTED CONTENTS NOTE | |
| Formatted contents note | Introduction -- Part I. Human Rights Law -- International Human Rights Law and Transboundary Environmental Harm: Trends and Challenges -- What Does a State Secure Make? Interpreting National Security in the Light of International Human Rights Law -- Starvation and Humanitarian Assistance in Time of Armed Conflicts -- Part II. Cultural Heritage Law -- Underwater Cultural Heritage and Salvage Law -- Lights and Shadows of the EU Regulation 2019/880 on the Introduction and the Import of Cultural Goods -- Part III. Environmental Law.-0 The Breach of the Obligation to Prevent Environmental Harm and the Law of State Responsibility. Revisiting the Issue Against the Test of Judicial Application -- Legal Personality for Nature: From National to International Law -- Climate Change and Intercommunal Conflicts in West Africa: A New Challenge for the UN System of Collective Security or Much Ado about Nothing? -- Law of The Sea -- On the Nature of the Law of the Sea -- The Last Frontier: Trendsand Challenges related to the Delineation of the Outer Limits of the Continental Shelf Beyond 200 Nautical Miles -- Conclusions. |
| 520 ## - SUMMARY, ETC. | |
| Summary, etc | Over the last century, international law has sought to keep pace with sweeping changes that have revolutionised the international community. It has done so in various ways: by developing new fields, adopting new legal instruments, and including new actors and entities in the international fora. Human rights law and environmental law have emerged to address essential issues raised by civil society. Treaties, judgments and soft law instruments have attempted to fill the gaps in regulation. International organisations, corporations, civil society organisations and individuals have all worked to make and enforce, also by judicial means, legal rules. But is all this sufficient? In an effort to answer this question, the chapters of this volume explore selected emerging issues in the fields of human rights, the environment, cultural heritage and law of the sea. Can state responsibility help to protect the environment? Can protecting human rights be reconciled with national security?Can the UN Security Council address climate change? Is law of the sea still fit for purpose? And how can we balance human rights and the environment, or cultural heritage and law of the sea? The international scholars and experienced practitioners who have contributed to this volume discuss these and other key questions. Given its scope, the book will appeal to researchers and scholars of international law, as well as those specialising in human rights law, environmental law, cultural heritage law, and law of the sea. . |
| 650 #0 - SUBJECT ADDED ENTRY--TOPICAL TERM | |
| Topical term or geographic name as entry element | Law of the sea. |
| 650 #0 - SUBJECT ADDED ENTRY--TOPICAL TERM | |
| Topical term or geographic name as entry element | International law. |
| 650 #0 - SUBJECT ADDED ENTRY--TOPICAL TERM | |
| Topical term or geographic name as entry element | Aeronautics |
| General subdivision | Law and legislation. |
| 650 #0 - SUBJECT ADDED ENTRY--TOPICAL TERM | |
| Topical term or geographic name as entry element | Human rights. |
| 650 #0 - SUBJECT ADDED ENTRY--TOPICAL TERM | |
| Topical term or geographic name as entry element | Environmental law, International. |
| 650 #0 - SUBJECT ADDED ENTRY--TOPICAL TERM | |
| Topical term or geographic name as entry element | Cultural property. |
| 650 14 - SUBJECT ADDED ENTRY--TOPICAL TERM | |
| Topical term or geographic name as entry element | Law of the Sea, Air and Outer Space. |
| 650 24 - SUBJECT ADDED ENTRY--TOPICAL TERM | |
| Topical term or geographic name as entry element | Human Rights. |
| 650 24 - SUBJECT ADDED ENTRY--TOPICAL TERM | |
| Topical term or geographic name as entry element | International Environmental Law. |
| 650 24 - SUBJECT ADDED ENTRY--TOPICAL TERM | |
| Topical term or geographic name as entry element | Cultural Heritage. |
| 700 1# - ADDED ENTRY--PERSONAL NAME | |
| Personal name | Arcari, Maurizio. |
| Relator term | |
| Relator code | edt |
| -- | http://id.loc.gov/vocabulary/relators/edt |
| 700 1# - ADDED ENTRY--PERSONAL NAME | |
| Personal name | Papanicolopulu, Irini. |
| Relator term | |
| Relator code | edt |
| -- | http://id.loc.gov/vocabulary/relators/edt |
| 700 1# - ADDED ENTRY--PERSONAL NAME | |
| Personal name | Pineschi, Laura. |
| Relator term | |
| Relator code | edt |
| -- | http://id.loc.gov/vocabulary/relators/edt |
| 852 ## - LOCATION/CALL NUMBER | |
| Location | IMU Kochi Library |
| 856 40 - ELECTRONIC LOCATION AND ACCESS | |
| Uniform Resource Identifier | <a href="https://doi.org/10.1007/978-3-030-94387-5">https://doi.org/10.1007/978-3-030-94387-5</a> |
| 904 ## - LOCAL DATA ELEMENT D, LDD (RLIN) | |
| CATALOGER | Rudra Ranjan |
| 905 ## - LOCAL DATA ELEMENT E, LDE (RLIN) | |
| VERIFIER | Rudra Ranjan |
| 942 ## - ADDED ENTRY ELEMENTS (KOHA) | |
| Item type | E-Book |
| 264 #1 - | |
| -- | Cham : |
| -- | Springer International Publishing : |
| -- | Imprint: Springer, |
| -- | 2022. |
| 338 ## - | |
| -- | online resource |
No items available.